LEADER 01143nam0 2200325 450 001 000024633 005 20090318114519.0 100 $a20090318d1947----km-y0itay50------ba 101 0 $aita 102 $aIT 105 $ay-------001yy 200 1 $a<>capitalismo nelle campagne$e1860-1900$fEmilio Sereni 210 $aTorino$cEinaudi$d1947 215 $a414 p.$d21 cm 225 2 $aSaggi$v76 410 0$12001$aSaggi 500 10$a<>capitalismo nelle campagne$943915 610 1 $aLavoro agricolo e capitalismo$a1860-1900 610 1 $aAgricoltura e industria$aItalia$a1860-1900 610 1 $aCapitalismo$aItalia 676 $a330.15$v16$9Capitalismo 676 $a330.122$v19$9Sistemi economici. Libera iniziativa 676 $a330.1220945$v19$9Sistemi economici. Economia della libera impresa. Italia 676 $a330.94509$v21$9Situazioni e condizioni economiche. Italia. Storia, geografia, persone 700 1$aSereni,$bEmilio$010412 801 0$aIT$bUNIPARTHENOPE$c20090318$gRICA$2UNIMARC 912 $a000024633 951 $a710/5$b3865$cNAVA2 996 $aCapitalismo nelle campagne$943915 997 $aUNIPARTHENOPE